Statistiques concernant Les pays contenant entre 40 % et 50 % d'orthodoxes

Cliquez ici pour prendre le quiz!

Statistiques générales

  • Ce quiz a été pris 3 fois
  • Le résultat moyen est 1 sur 2

Statistiques - réponses

Hint Answer % Correct
49,72 %Moldavie
67%
42,20 %Érythrée
67%

Distribution des résultats

Percentile by Number Answered

% des personnes avec chaque résultat

Votre développement - résultats

Vous n’avez pas pris ce quiz